000 00224nam a2200097Ia 4500
008 120527s9999 xx 000 0 und d
100 _aWOSK,Julie.
245 _aWomen and the machine.
260 _bJohns Hopkins
942 _cBK
999 _c23694
_d23694